000 00702nam a2200205 a 4500
001 000027674
005 20250401130908.0
008 100817s1999 sp a 000 0 spa d
020 _a8471148242
040 _aDO-SdBNP
_bspa
_cBNPHU
082 _a303.44
_bP964i,
110 2 _aPrograma de las Naciones Unidas para el Desarrollo
_9187
245 1 0 _aInforme sobre desarrollo humano 1999 :.
260 _aMadrid, España :
_bPrograma de las Naciones Unidas para el Desarrollo:
_bGrupo Mundi-Prensa,
_c1999.
300 _a261 p. :
_bgráf. ;
_c28 cm.
650 4 _aDesarrollo humano
_9213
650 0 _aIdentidad colectiva
_91723
650 4 _aDerechos culturales
_910362
650 0 _aDerechos humanos
_9658
999 _c27166
_d27166